| 000 | 01251nam a22003375i 4500 | ||
|---|---|---|---|
| 001 | 162321 | ||
| 003 | ES-MaACL | ||
| 005 | 20250725063229.0 | ||
| 008 | 041111s1803 fr ac |||| | fre d | ||
| 040 |
_aCAM _bspa _cCAM |
||
| 080 | _a929(37) | ||
| 080 | _a929(38) | ||
| 100 | 0 |
_aPlutarco _eaut _992678 |
|
| 245 | 1 | 4 |
_aLes vies des hommes illustres. _nTome quatrième / _cde Plutarque ; traduites en françois, avec des remarques historiques et critiques, par M. Dacier. |
| 250 | _aNouv. éd., rev. et corr. | ||
| 260 |
_aA Lyon : _bchez Amable Leroy, _c1803. |
||
| 300 |
_a[4], 388 páginas, [1] hoja de lámina ; _c17 cm. |
||
| 505 | 0 | _aTimoléon; Paul Emile; Pélopidas; Marcellus | |
| 597 | _aSign.: []2, A-Q12s, R2. | ||
| 597 | _aAntep. | ||
| 599 | _aLámina de grab. xil.: retrato de Marcelo | ||
| 600 | 1 | 4 |
_aTimoleon _9133254 |
| 600 | 1 | 4 |
_aEmilio, Paulo _9126931 |
| 600 | 1 | 7 |
_aPelópidas _2embne _9130967 |
| 600 | 1 | 4 |
_aClaudio Marcelo, Marco _9129444 |
| 700 | 1 |
_aDacier, André, _d1651-1722 _etrl _9126689 |
|
| 852 |
_aES-MaACL _cDEPOZ _fEx-libris ms. de Juan Antonio Posse, cura de San Andrés _jZ-256 _xPasta española |
||
| 942 |
_2udc _cMONANT _n0 |
||
| 999 |
_c162321 _d162321 |
||